| 000 | 00751nam a2200289Ia 4500 | ||
|---|---|---|---|
| 001 | 13657 | ||
| 003 | IT-RoPAU | ||
| 008 | 130308s9999 xx 000 0 und d | ||
| 040 | _aIT-RoPAU | ||
| 040 | _cIT-RoPAU | ||
| 041 | _aITALIANO | ||
| 100 | _aGiannelli Luca G. | ||
| 100 | _gCodice Aut. SPICS: 6093 | ||
| 245 | _aIndice bibliografico | ||
| 245 | _bRicerca progettuale e Condizione Umana | ||
| 250 | _a1a ed. | ||
| 260 | _aFIRENZE | ||
| 260 | _bFiorentina | ||
| 260 | _c1978 [1° Ed.:1978 - Ed.Ling.Originale:1978] | ||
| 300 | _a"12 p. (prefazione: no ; testo: 12 [pagine: 413-424])" | ||
| 650 | _aTEORIA DI ARCHITETTURA | ||
| 650 | _eCodice materia Spics: 5303 | ||
| 942 | _cBK | ||
| 957 | _71 | ||
| 999 |
_c48112 _d48112 |
||
| 999 | _bSI | ||
| 999 | _g1 | ||